Films de Quentin Tarantino - Statistiques

Statistiques générales
  • Ce quiz a été pris 145 fois
  • Le résultat moyen est 6 sur 10
Statistiques - réponses
Année Box office Acteurs principaux Film % Correct
1994 214 179 088 $ John TravoltaSamuel L. Jackson Bruce Willis Uma Thurman Pulp Fiction
95%
2012 425 368 238 $ Christoph WaltzJamie Foxx Leonardo Di Caprio Samuel L. Jackson Django Unchained
78%
1992 22 032 029 $ Harvey KeitelTim Roth Reservoir Dogs
78%
2019 389 021 383 $ Leonardo Di Caprio
Brad Pitt
Margot Robbie
Once upon a time... in Hollywood
74%
2003 180 949 045 $ Uma ThurmanLucy Liu Daryl Hannah Kill Bill : Volume 1
64%
2004 152 159 461 $ Uma ThurmanDavid Carradine Michael Madsen Kill Bill : Volume 2
63%
1997 84 473 162 $ Pam GrierSamuel L. Jackson Robert De Niro Jackie Brown
56%
2009 321 455 689 $ Brad PittChristoph Waltz Mélanie Laurent Eli Roth Inglourious Basterds
50%
2015 155 760 117 $ Samuel L. JacksonKurt Russell Jennifer Jason Leigh Les Huit Salopards
44%
2007 25 037 897 $ Kurt RussellZoë Bell Rose McGowan Boulevard de la mort
40%
Aucun quiz correspondant
Distribution des résultats
% des personnes avec chaque résultat
Percentile par nombre de réponses
Votre historique - résultats
Vous n’avez pas pris ce quiz